Missing Word: Films Adapted from Literature (2012) Quiz Stats

 Plays Quiz Updated Dec 31, 2012

Support Sporcle.
Go Orange.
Score 0/18 Timer 03:00
0 Plays Today
Film Missing Word % Correct
The _____ GamesHunger
94.5%
_____ of PiLife
93.8%
Les _____Misérables
91.7%
_____ Lincoln: Vampire HunterAbraham
88.9%
Diary of a _____ Kid: Dog DaysWimpy
88.5%
The Twilight Saga: _____ Dawn - Part 2Breaking
86.6%
What To _____ When You're ExpectingExpect
85.9%
_____ KareninaAnna
80.9%
The _____: An Unexpected JourneyHobbit
80.4%
Film Missing Word % Correct
Dr. Seuss' The _____Lorax
64.7%
Salmon _____ in the YemenFishing
56%
The Lucky _____One
55.8%
The _____ in BlackWoman
52.6%
Cloud _____Atlas
47.8%
One for the _____Money
46.7%
Alex _____Cross
39.8%
The Secret _____ of ArriettyWorld
25.1%
Journey 2: The _____ IslandMysterious
24.3%

Today's Daily Dose

You're not logged in!

Compare scores with friends on all Sporcle quizzes.
OR
Log In

From the Vault

DC & Marvel Comics Mugs

by timmylemoine1

It's got to be tough to drink with your mask on.
Remove Ads.
Support Sporcle.
Get the best of Sporcle when you Go Orange. This ad-free experience offers more features, more stats, and more fun while also helping to support Sporcle. Thank you for becoming a member.

Show Comments

Extras

Top Quizzes Today


Score Distribution

Your Account Isn't Verified!

In order to create a playlist on Sporcle, you need to verify the email address you used during registration. Go to your Sporcle Settings to finish the process.

Report this User

Report this user for behavior that violates our Community Guidelines.

Details: